| 000 | 00415nam a2200145Ia 4500 | ||
|---|---|---|---|
| 999 |
_c11899 _d11899 |
||
| 082 | _aRR 004.03 SIP-; | ||
| 100 | _aSippl, Charles J. | ||
| 245 | 0 | _aComputer dictionary and handbook | |
| 260 |
_aBucks _bW. Foulsham Publications _c1967 |
||
| 300 | _a766p. | ||
| 504 | _aIncludes appendix /Ref. book | ||
| 650 | _aComputer science - Handbooks, manuals, etc. | ||
| 650 | _aComputer - Dictionaries | ||
| 942 |
_cBK _2ddc |
||